000
00211 a2200097 4500
001
40902
100
_a
Asghar Khan
245
_a
Lighter side of power game
260
_a
Laho
_b
Jang Pu
_c
090
_c
25155
_d
25155
942
_a
NUST-CAE
_c
M
_c
16842
999
_c
275975
_d
275975